000 00318nam a2200133Ia 4500
008 220216s9999 xx 000 0 und d
100 _aSchidrowitz P
245 0 _aRubber as a substitute for leather
260 _bIRI Transactions
_c1929
300 _a207-218
650 _aLeather
650 _aRubber
942 _cJS
999 _c67459
_d67459